LEADER 01019cam0-22003011i-450 001 990007411440403321 005 20200407203132.0 010 $a88-7153-635-5 035 $aFED01000741144 035 $a(Aleph)000741144FED01 035 $a000741144 100 $a20030411d1994----km-y0itay50------ba 101 0 $aita 102 $aIT 105 $ay-------001yy 200 1 $aComunità, stato, strutture decentrate$eil coordinamento nella competizione fra sistemi paese e i problemi del sistema italiano$fANIDE, Associazione Nazionale per l'informazione e la Documentazione Europea 210 $aRoma$cSIPI$dc1994 215 $a108 p.$d24 cm 710 02$aAssociazione nazionale per l'informazione e la documentazione europea$0267883 801 0$aIT$bUNINA$gRICA$2UNIMARC 901 $aBK 912 $a990007411440403321 952 $aXXVII 325$b344$fDDCIC 952 $aISVE F1-F4.18$b10822$fDECTS 959 $aDECTS 959 $aDDCIC 996 $aComunità, stato, strutture decentrate$9677268 997 $aUNINA LEADER 01031nam a2200301 i 4500 001 991000839209707536 005 20020507174305.0 008 970609s1995 us ||| | eng 020 $a1556158238 035 $ab10764471-39ule_inst 035 $aLE01303110$9ExL 040 $aDip.to Matematica$beng 082 0 $a005.1 084 $aAMS 68N 084 $aCR D.2 084 $aQA76.76.D47M387 100 1 $aMcCarthy, Jim$0535208 245 10$aDynamics of software development /$cJim McCarthy ; foreword by Denis Gilbert 260 $aRedmond, Wa :$bMicrosoft Press,$cc1995 300 $axv, 184 p. :$bill. ;$c24 cm. 500 $aIncludes index 650 4$aComputer software$xDevelopment 907 $a.b10764471$b21-09-06$c28-06-02 912 $a991000839209707536 945 $aLE013 68N MCC11 (1995)$g1$i2013000082714$lle013$o-$pE0.00$q-$rl$s- $t0$u0$v0$w0$x0$y.i10860009$z28-06-02 996 $aDynamics of software development$9923231 997 $aUNISALENTO 998 $ale013$b01-01-97$cm$da $e-$feng$gus $h0$i1